| 000 | 00628nam a2200217Ia 4500 | ||
|---|---|---|---|
| 003 | GCL | ||
| 008 | 140319s9999 xx 000 0 ara d | ||
| 020 | _a41215977 | ||
| 040 |
_aGCL / _cGCL |
||
| 082 | 0 | 4 |
_a025.17 _bم ا |
| 100 | 1 | _aمحمود عباس حموده | |
| 245 | 1 | 0 |
_aامن الوثائق الحفظ التصوير الترميم الصيانة / _cمحمود عباس حموده |
| 250 | _aالاولى | ||
| 260 |
_aالقاهرة : _bمكتبة غريب |
||
| 300 |
_a51 ص ؛ _c24 سم |
||
| 490 | _a | ||
| 650 | 0 | 4 | _aالوثائق |
| 650 | 0 | 4 | _aترميم |
| 650 | 0 | 4 | _aالحفظ |
| 942 |
_2ddc _cBK |
||
| 999 |
_c36343 _d36343 |
||